1848 1251 1431 1753 1063 1492 1086 1704 1109 1279 1307 1829 1534 1532 1266 1420 1428 1145 1498 1827 1074 1934 1406 1017 1827 1818 1867 1055 1584 1999 1437 1964 1089 1723 1006 1148 1867 1240 1720 1788 1555 1681 1252 1824 1323 1687 1239 1625 1759 1916 1897 1846 1146 1037 1344 1413 1431 1321 1830 1520 1967 1914 1857 1534 1886 1379 1514 1547 1310 1526 1409 1554 1033 1524 1020 1016 1250 1192 1468 1722 1175 1136 1326 1349 1266 1291 1815 1516 1722 1711 1084 1729 1657 1441 1646 1478 1264 1510 1297 BCNSPRNW ULIB Ver.6.0+V

เปลี่ยนเป็นภาษาไทย

Change to English
 แสดงรายละเอียดบรรณานุกรม
  กลับหน้าหลัก

Brief Record : Get Marc (ISO 2709) : E-mail record : QR code < ปิดหน้าต่าง
LEADER : 00000nam 2200000uu 4500
001    13399114012
003     ULIB
008    120125s2543||||th 000 0 tha d
020    ^a9748317501
060 04 ^aWA395^bข259ร 2543
245 00 ^aระบบสุขภาพที่คนไทยต้องการ(2) /^cบรรณาธิการ, ขวัญใจ เอมใจ,วณี ปิ่นประทีป
246 13 ^aระบบสุขภาพที่คนไทยต้องการ
246 13 ^aจุดประกายปฏิรูประบบสุขภาพ :^bระบบสุขภาพที่คนไทยต้องการ
250    ^aพิมพ์ครั้งที่ 1
260    ^aนนทบุรี :^bสำนักงานปฏิรูประบบสุขภาพแห่งชาติ,^c2543
300    ^a[6], 86 หน้า ;^c21 ซม.
500    ^aชื่อเรื่องหลังหน้าปกใน: จุดประกายปฏิรูประบบสุขภาพ :ระบบสุขภาพที่คนไทยต้องการ (2) (สรุปการสัมมนา 6 เวทีภูมิภาคเพื่อการปฏิรูประบบสุขภาพ)
591    ^aLISI มีปี 2543
653    ^aการปฏิรูประบบสุขภาพ
653    ^aระบบสุขภาพ
653    ^aนโยบายด้านสุขภาพ
700 0  ^aขวัญใจ เอมใจ,^eบรรณาธิการ
700 0  ^aวณี ปิ่นประทีป
710 2  ^aสำนักงานปฏิรูประบบสุขภาพแห่งชาติ
945    ^p0^l0^i13614
945    ^p0^l0^i12348
995    ^aกัณชพร
999    ^aใช้งานได้ทุกระบบ
รายการนี้ยังไม่มีแท็ก
คุณยังไม่ได้ล็อกอิน คุณสามารถมีกิจกรรมร่วมกับเว็บไซต์ได้ แต่ต้องล็อกอินก่อน ::
  ล็อกอิน

รายการสื่อสารสนเทศ

ลำดับที่ ประเภท เลขเรียก/บาร์โค้ด สถานที่ สถานะ
- ไม่พบข้อมูล -

BibComment


ยังไม่เคยถูกคอมเมนท์

คอมเมนท์ทรัพยากรรายการนี้
  คอมเมนท์: ระบบสุขภาพที่คนไ..


 Copyright 2026. Bcnsprnw @Library